000 00554 a2200169 4500
999 _c5183
_d5183
020 _a0552137170
050 0 0 _aPS3555 EDD 1990
100 1 _aEddings, David.
_eauthor
245 1 0 _aSorceress of Darshiva /
_cDavid Eddings.
264 _aLondon :
_bCorgi Books,
_c1990.
300 _a395p. :
500 _aFiction
650 _aMallorea (Imaginary place) -- Fiction
650 _aGarion (Fictitious character) -- Fiction
856 4 2 _3Publisher description
_uhttp://www.loc.gov/catdir/description/random0412/89006705.html
942 _2lcc
_cBK
_h3555
_iEDD
_kPS